000 00465nam a2200193Ia 4500
005 20240823023624.0
008 240823s9999||||xx |||||||||||||| ||und||
041 _aENGLISH
082 _A005.43 N3
100 _a"Kernighan,Brian W"
245 4 _aThe UNIX programming Environment
250 _a1st
260 _c1993
_b"PHI,New Delhi"
500 _aTRANSFERED
650 _aUNIX
_bComputer Science
700 _a" Pike,Rob"
942 _cBK
999 _c181982
_d181982